=LDR 00000nam 2200000 4500 =001 INLIS000000000000640 =990 ##$$a 65/TA OSP 2021 =005 20220705050530 =035 ##$$a 0010-1121000193 =245 1#$$a Sistem Sterilisasi Otomatis Sepatu Safety (Studi Kasus PT. Mars Indonesia) : $b Tugas Akhir /$c Arizha Tenri Jekka =100 1#$$a JEKKA, Arizha Tenri =250 ##$$a 2021 =300 ##$$a x, 50 halaman : $b Tabel, gambar ; $c 20,5x28,5 cm =856 ##$$a OPAC (Rak TA OSP 2021) =260 ##$$a Makassar :$b Politeknik ATI Makassar - Otomasi Sistem Permesinan,$c 2021 =082 ##$$a (R)2021 TA-OSP 818 =084 ##$$a (R)2021 TA-OSP 818 JEK s =650 #4$$a Tugas Akhir OSP 2021 =008 220705################|##########|#|## =520 ##$$a Menjaga kebersihan pada industri food & beverage merupakan faktor utama, terutama pada pengolahan produk makanan. Pada industri food and beverage tindakan yang perlu dilakukan pekerja yaitu selalu bersih dan steril untuk terhindar dari kontaminasi bakteri dengan menerapkan system mensterilkan sepatu sebelum memasuki area pabrik. Tujuan penelitian ini untuk membuat sistem sterilisasi otomatis sepatu safety yang digunakan untuk membersihkan & mensterilkan sepatu safety secara otomatis. Dalam perancangan sistem, menggunakan arduino UNO sebagai kontroler, sensor ultrasonic HC-SR04 untuk mendeteksi objek benda/sepatu untuk mengaktifkan pompa air 12 VDC menyemprotkan cairan desinfektan dan disinari sinar UV, motor AC 1 Phasa menggerakkan sikat pembersih dan lampu sinar UVC mensterilkan bakteri. Nilai akurasi pembacaan sensor ultrasonic HC-SR04 92,7%, pompa 12 VDC bekerja sesuai waktu yang diatur, motor AC 1 phasa dengan nilai akurasi kinerja sikat 93,04% dan lampu UVC aktif ketika kondisi sinyal low dengan daya 6 W. Pengujian sistem secara keseluruhan masing masing bagian pada pompa rata rata nilai error 7,08% untuk sikat & lampu nilai rata rata error 0,98%. Sedangkan nilai pengujian pembersihan sepatu berdasarkan sampel yang diuji dengan kategori hasil bersih 50%, kurang bersih 30%, cukup bersih 20% dapat dikatakan alat dapat bekerja dengan optimal. Dan untuk pembersihan sepatu semakin lama proses penyikatan sepatu dilakukan, maka semakin bersih hasil pembersihan sepatu.